[Event "It (open)"]
[Site "masterchessopen.com Campobasso (Italy)"]
[Date "2003.07.13"]
[Round "5"]
[White "Collutiis Duilio (ITA)"]
[Black "Passerotti Pierluigi (ITA)"]
[Result "1-0"]
[WhiteElo "2404"]
[BlackElo "2287"]

1.e4 c5 2.Nf3 d6 3.d4 cxd4 4.Nxd4 Nf6 5.f3 e5 6.Bb5+ Nbd7 7.Nf5 a6 8.Bxd7+
Qxd7 9.Bg5 d5 10.Bxf6 gxf6 11.Ne3 dxe4 12.Nd5 Be7 13.fxe4 f5 14.Qh5 O-O
15.Nbc3 fxe4 16.O-O-O Qe6 17.Nxe7+ Qxe7 18.Nd5 Qe6 19.Rhf1 f5 20.Qg5+ Kh8
21.Nc7 Qxa2 22.Nxa8 Qa1+ 23.Kd2 Qa5+ 24.Ke2 Be6 25.Kf2 Qc5+ 26.Qe3 Qxc2+
27.Rd2 f4 28.Kg1 Qc6 29.Qb6 Rxa8 30.Rd8+ Rxd8 31.Qxd8+ Bg8 32.Rxf4 e3 33.Qe7
{#r} 1-0

[Event "Memorial Tringov (open)"]
[Site "masterchessopen.com Plovdiv (Bulgaria)"]
[Date "2004.02.19"]
[Round "6"]
[White "Lilov Valeri (BUL)"]
[Black "Petkov Vladimir (BUL)"]
[Result "0-1"]
[WhiteElo "2201"]
[BlackElo "2413"]

1.e4 c5 2.Nf3 d6 3.d4 cxd4 4.Nxd4 Nf6 5.f3 e5 6.Bb5+ Nbd7 7.Nf5 d5 8.exd5 a6
9.Bxd7+ Qxd7 10.Ne3 b5 11.O-O Bc5 12.Nc3 Bd4 13.Kh1 Bb7 14.Ne4 Nxd5 15.Nf5 O-O
16.Nxd4 exd4 17.Qxd4 Qc7 18.b3 Rac8 19.Bb2 f6 20.Rfc1 Rfd8 21.Qf2 Qf4 22.Nc5
Rxc5 23.Qxc5 Ne3 24.Qe7 Bxf3 25.Qxd8+ Kf7 26.Qd7+ Kg6 27.Rg1 Ng4 28.Qxg4+ Bxg4
29.a3 Bf5 30.Rac1 Be4 31.c4 h5 32.Rc3 h4 33.c5 Bc6 34.b4 Kh5 35.h3 Qd2 36.Ba1
f5 37.Rcc1 g5 38.Rc3 Qe2 39.Kh2 g4 40.Kh1 g3 41.Rcc1 f4 42.Rce1 Bxg2+ {#R} 0-1

[Event "Ch Russia (juniors) (under 14)"]
[Site "masterchessopen.com Dagomys (Russia)"]
[Round "9"]
[White "Streltsov Alexey (RUS)"]
[Black "Epifantsev Igor (RUS)"]
[Result "1-0"]
[WhiteElo "2186"]
[BlackElo "2190"]

1.e4 c5 2.Nf3 d6 3.d4 cxd4 4.Nxd4 Nf6 5.f3 e5 6.Bb5+ Bd7 7.Bxd7+ Qxd7 8.Nf5 d5
9.Bg5 dxe4 10.Bxf6 Qxd1+ 11.Kxd1 gxf6 12.fxe4 Na6 13.Ke2 Nb4 14.Na3 O-O-O
15.Rhd1 Bc5 16.c3 Nc6 17.Nc4 Rhg8 18.g3 Kc7 19.b4 b5 20.Na3 Bf8 21.Nxb5+ Kb6
22.Rxd8 Nxd8 23.Nbd6 Bxd6 24.Nxd6 h5 25.Rf1 Rg6 26.Ne8 Ne6 27.Nxf6 h4 28.Nd7+
{#r} 1-0

[Event "Ch France (juniors) (under 20)"]
[Site "masterchessopen.com France"]
[Round "9"]
[White "Cornette Matthieu (FRA)"]
[Black "Alanic Xavier (FRA)"]
[Result "1-0"]
[WhiteElo "2373"]
[BlackElo "2237"]

1.e4 c5 2.Nf3 d6 3.d4 cxd4 4.Nxd4 Nf6 5.f3 e5 6.Bb5+ Bd7 7.Bxd7+ Qxd7 8.Nf5 d5
9.Bg5 d4 10.O-O Nc6 11.Nd2 Ng8 12.Nc4 f6 13.Bd2 g6 14.Ng3 Qe6 15.b3 h5 16.f4
h4 17.f5 Qd7 18.Nh1 gxf5 19.Rxf5 O-O-O 20.Nf2 d3 21.c3 Bc5 22.b4 Bxf2+ 23.Rxf2
Nh6 24.h3 Rdg8 25.b5 Nd8 26.Be3 Rg3 27.Qa4 Rxe3 28.Nxe3 Kb8 29.Qc4 f5 30.exf5
Ndf7 31.Rd1 Rd8 32.Rfd2 Qe7 33.Rxd3 Rc8 34.Rd7 Rxc4 35.Rxe7 Rxc3 36.Rdd7 {#r}
1-0

[Event "Memorial Victor Syre (open)"]
[Site "masterchessopen.com Issy Les Moulineaux (France)"]
[Date "2004.05.20"]
[Round "1"]
[White "Shirazi Kamran (FRA)"]
[Black "Rabineau Clement (FRA)"]
[Result "1-0"]
[WhiteElo "2389"]
[BlackElo "2131"]

1.e4 c5 2.Nf3 d6 3.d4 cxd4 4.Nxd4 Nf6 5.f3 e5 6.Bb5+ Bd7 7.Bxd7+ Qxd7 8.Nb3 d5
9.Bg5 dxe4 10.Bxf6 Qxd1+ 11.Kxd1 gxf6 12.fxe4 Rg8 13.g3 f5 14.exf5 Nc6 15.N1d2
f6 16.Ne4 Kf7 17.Ke2 h5 18.Rad1 Re8 19.Rd7+ Re7 20.Rd6 Bg7 21.Rhd1 Rge8 {#r}
1-0

[Event "Memorial E.Afromeev"]
[Site "masterchessopen.com Tula (Russia)"]
[Date "2004.07.16"]
[Round "15"]
[White "Novikov Maxim (RUS)"]
[Black "Andreev Eduard (UKR)"]
[Result "1-0"]
[WhiteElo "2498"]
[BlackElo "2494"]

1.e4 c5 2.Nf3 d6 3.d4 cxd4 4.Nxd4 Nf6 5.f3 e5 6.Bb5+ Bd7 7.Bxd7+ Qxd7 8.Nf5 d5
9.Bg5 dxe4 10.Bxf6 Qxd1+ 11.Kxd1 gxf6 12.fxe4 Rg8 13.g3 Nc6 14.c3 O-O-O+
15.Kc2 Rg4 16.Nd2 Rxd2+ 17.Kxd2 Rxe4 18.h3 Ra4 19.Kc2 Kc7 20.Rhd1 h5 21.Rd5
Rc4 22.Kb3 Re4 23.Rad1 Re2 24.Rd7+ Kb6 25.R1d2 Rxd2 26.Rxd2 Kc7 27.Ne3 Bh6
28.Nd5+ Kc8 29.Rf2 {#r} 1-0

[Event "It (a)"]
[Site "masterchessopen.com Serpukhov (Russia)"]
[Date "2004.09.01"]
[Round "10"]
[White "Sitnikov Anton (UKR)"]
[Black "Melikhov Evgeny V (RUS)"]
[Result "1-0"]
[WhiteElo "2406"]
[BlackElo "2281"]

1.e4 c5 2.Nf3 d6 3.d4 cxd4 4.Nxd4 Nf6 5.f3 e5 6.Bb5+ Nbd7 7.Nf5 Qc7 8.Bg5 a6
9.Ba4 b5 10.Bb3 h6 11.Bh4 g5 12.Bf2 Nb6 13.Ne3 Bb7 14.O-O Rd8 15.Nc3 Bg7 16.a4
bxa4 17.Nxa4 Nc8 18.Qd3 O-O 19.Bc4 a5 20.Nc3 Ne7 21.Rfd1 Bc6 22.Bb5 Ba8 23.Qc4
Qxc4 24.Bxc4 Nc6 25.Nf5 Rb8 26.Rxd6 Rxb2 27.Bb3 Nb4 28.Rd2 Bc6 29.Bc5 Ra8
30.Nxg7 Kxg7 31.Nd1 Rxb3 32.cxb3 Bb7 33.Bxb4 axb4 34.Rxa8 Bxa8 35.Ne3 Bc6
36.Nf5+ Kh7 37.Rd6 {#r} 1-0

[Event "It (cat.2) (a)"]
[Site "masterchessopen.com Gausdal (Norway)"]
[Date "2004.09.24"]
[Round "2"]
[White "Westerinen Heikki M J (FIN)"]
[Black "Bogner Sebastian (GER)"]
[Result "0-1"]
[WhiteElo "2362"]
[BlackElo "2191"]

1.e4 c5 2.Nf3 d6 3.d4 cxd4 4.Nxd4 Nf6 5.f3 e5 6.Bb5+ Bd7 7.Bxd7+ Qxd7 8.Nf5 g6
9.Ne3 Nc6 10.Nc3 Rc8 11.O-O Bg7 12.Nb5 Rd8 13.Nc4 d5 14.Nbd6+ Kf8 15.exd5 Nb4
16.Bg5 b5 17.Bxf6 Bxf6 18.Ne4 bxc4 19.Nxf6 Qd6 20.Qd2 Kg7 21.Ng4 h5 22.Ne3
Nxd5 23.Nxd5 Qxd5 24.Qxd5 Rxd5 25.Rf2 Rhd8 26.Re1 Rd1 27.Kf1 Kf6 28.Re2 R8d2
29.Rxe5 Rxe1+ 30.Rxe1 Rxc2 31.Re2 Rxe2 32.Kxe2 Ke5 33.Ke3 a5 34.b3 Kd5 35.g4
Kc5 36.gxh5 gxh5 37.Kd2 cxb3 38.axb3 Kd4 39.h3 f5 40.Ke2 f4 41.Kd2 h4 {#R} 0-1

[Event "It (open)"]
[Site "masterchessopen.com Villa Martelli (Argentina)"]
[Date "2004.11.14"]
[Round "9"]
[White "Sanduay Nicolas (ARG)"]
[Black "Diaz Sergio (CHI)"]
[Result "1-0"]
[WhiteElo "2043"]
[BlackElo "2040"]

1.e4 c5 2.Nf3 d6 3.d4 cxd4 4.Nxd4 Nf6 5.f3 e5 6.Bb5+ Nbd7 7.Ne2 a6 8.Ba4 d5
9.exd5 b5 10.Bb3 Bc5 11.Nbc3 O-O 12.Bg5 Qb6 13.Bh4 a5 14.a4 b4 15.Ne4 Nxe4
16.fxe4 f5 17.Rf1 Nf6 18.d6+ Kh8 19.Bxf6 Rxf6 20.Qd5 Be6 21.Qxa8+ {#r} 1-0

[Event "It (open)"]
[Site "masterchessopen.com Singapore"]
[Date "2004.12.11"]
[Round "1"]
[White "Lin Ailin (SIN)"]
[Black "Petrenko Svetlana (MDA)"]
[Result "0-1"]
[WhiteElo "2002"]
[BlackElo "2323"]

1.e4 c5 2.Nf3 d6 3.d4 cxd4 4.Nxd4 Nf6 5.f3 e5 6.Bb5+ Nbd7 7.Nf5 a6 8.Ba4 b5
9.Bb3 Nc5 10.Ne3 Nxb3 11.cxb3 Be6 12.Nc3 Be7 13.O-O O-O 14.Kh1 Rc8 15.Qd3 Rc5
16.b4 Rc4 17.Nxc4 Bxc4 18.Qd1 Bxf1 19.Qxf1 d5 20.Nxd5 Nxd5 21.exd5 Qxd5 22.a3
Rd8 23.Be3 Qb3 24.Qe2 Bf6 25.g3 h6 26.Rf1 Rd3 27.Bc1 Qc4 28.Re1 h5 29.Kg2 g6
30.h4 Bg7 31.Rd1 e4 32.fxe4 Rxd1 33.Qxd1 Qxe4+ 34.Kh2 Be5 35.b3 Qxh4+ {#R} 0-1

[Event "It (open)"]
[Site "masterchessopen.com Geneva (Switzerland)"]
[Date "2005.01.28"]
[Round "7"]
[White "Masserey Yvan (SUI)"]
[Black "Bergez Luc (FRA)"]
[Result "1-0"]
[WhiteElo "2334"]
[BlackElo "2351"]

1.e4 c5 2.Nf3 d6 3.d4 cxd4 4.Nxd4 Nf6 5.f3 e5 6.Bb5+ Nbd7 7.Nf5 d5 8.exd5 Qa5+
9.Nc3 Bb4 10.Nxg7+ Kf8 11.Nf5 h5 12.Bd3 Nxd5 13.O-O Nxc3 14.bxc3 Bxc3 15.Rb1
Nc5 16.Rb5 Qc7 17.Ba3 b6 18.Be4 Bd7 19.Bxc5+ bxc5 20.Rb7 {#r} 1-0

[Event "Ch South Region "]
[Site "masterchessopen.com Krasnodar (Russia)"]
[Round "0"]
[White "Bryzgalin Kirill (RUS)"]
[Black "Gochelashvili David (RUS)"]
[Result "1-0"]
[WhiteElo "2464"]
[BlackElo "2353"]

1.e4 c5 2.Nf3 d6 3.d4 cxd4 4.Nxd4 Nf6 5.f3 e5 6.Bb5+ Bd7 7.Bxd7+ Qxd7 8.Nf5 d5
9.Bg5 dxe4 10.Bxf6 gxf6 11.fxe4 Qxd1+ 12.Kxd1 Nd7 13.Nd2 Rg8 14.g3 Nc5 15.Ke2
O-O-O 16.Rhd1 Ne6 17.c3 Bc5 18.b4 Bb6 19.Ne7+ {#r} 1-0

[Event "Czech League 2004/05 (2nd) (a)"]
[Site "masterchessopen.com Czech Republic"]
[Date "2005.03.06"]
[Round "9"]
[White "Hlavacek Jiri (CZE)"]
[Black "Vasicek Martin (CZE)"]
[Result "1-0"]
[WhiteElo "2224"]
[BlackElo "2130"]

1.e4 c5 2.Nf3 d6 3.d4 cxd4 4.Nxd4 Nf6 5.f3 e5 6.Bb5+ Bd7 7.Bxd7+ Nbxd7 8.Nf5
Nb6 9.Bg5 h6 10.Bxf6 Qxf6 11.Nc3 O-O-O 12.Nd5 Nxd5 13.Qxd5 Qe6 14.Qa5 a6
15.O-O-O g6 16.Ne3 Be7 17.Nd5 Bg5+ 18.Kb1 Kb8 19.Qc7+ Ka7 20.Qb6+ Kb8 21.h4
Bf6 22.Nb4 Qc4 23.Rxd6 Bxh4 24.Nc6+ Kc8 25.Nxd8 Bxd8 26.Qa7 Bc7 27.Rd3 Qe6
28.Qa8+ Bb8 29.Rc3+ {#r} 1-0

[Event "Ch Germany (blitz) (Gr. B)"]
[Site "masterchessopen.com Internet"]
[Date "2005.04.03"]
[Round "2"]
[White "Drabke Lorenz (GER)"]
[Black "Buscher Michael (GER)"]
[Result "0-1"]
[WhiteElo "2405"]
[BlackElo "2314"]

1.e4 c5 2.Nf3 d6 3.d4 cxd4 4.Nxd4 Nf6 5.f3 e5 6.Bb5+ Bd7 7.Bxd7+ Qxd7 8.Nf5 d5
9.Bg5 dxe4 10.Bxf6 gxf6 11.fxe4 Qc6 12.Qd5 Qxd5 13.exd5 Na6 14.c4 Rc8 15.Nd2
Bb4 16.b3 b5 17.Ke2 Bxd2 18.Nd6+ Kd7 19.Nxc8 Bc3 20.Nxa7 Bxa1 21.Rxa1 bxc4
22.bxc4 Ra8 23.Nc6 Nc5 24.a3 Ra4 25.Nb4 Nb3 26.Rf1 Nd4+ 27.Kd3 Rxa3+ 28.Ke4
Ra4 29.Nc6 Rxc4 30.Nxd4 Rxd4+ 31.Kf5 Ke7 32.g3 Rxd5 33.Ra1 Rd6 34.Ra7+ Kf8
35.Rb7 Kg7 36.Ra7 Rd2 37.h4 h5 38.Ra3 Rf2+ 39.Ke4 Kg6 40.Ra6 Rf1 41.Rb6 Re1+
42.Kf3 Ra1 43.Rc6 Ra3+ 44.Kf2 Kf5 45.Rc7 Kg4 46.Rc4+ Kh3 47.Re4 Rxg3 {#R} 0-1

[Event "Tournament (juniors) (under 16)"]
[Site "masterchessopen.com Ermionh Argolidas (Greece)"]
[Date "2005.06.29"]
[Round "6"]
[White "Manelidis Savvas (GRE)"]
[Black "Fragkakis Efstratios"]
[Result "0-1"]
[WhiteElo "2047"]
[BlackElo "2015"]

1.e4 c5 2.Nf3 d6 3.d4 cxd4 4.Nxd4 Nf6 5.f3 e5 6.Bb5+ Nbd7 7.Nf5 d5 8.exd5 a6
9.Ba4 b5 10.Bb3 Nb6 11.Ne3 Bc5 12.Nc3 O-O 13.O-O Bf5 14.Kh1 Bg6 15.Qe2 Re8
16.Ng4 Nxg4 17.fxg4 Bd4 18.Ne4 Nc4 19.Bxc4 bxc4 20.d6 Qd7 21.c3 Qc6 22.Re1 Ba7
23.Bg5 f6 24.Bh4 Rad8 25.Rad1 Bb8 26.g5 f5 27.Nd2 Rxd6 28.Nxc4 Rxd1 29.Rxd1
Bf7 30.Na5 Qc7 31.Nb3 e4 32.Bg3 f4 33.Bh4 f3 34.gxf3 exf3 35.Qf2 Re2 36.Qg3
Qb6 37.Qh3 Be6 38.Bf2 Rxf2 39.Rd8+ Qxd8 40.Qxe6+ Kh8 {#R} 0-1

[Event "Tournament (juniors) (under 16)"]
[Site "masterchessopen.com Ermionh Argolidas (Greece)"]
[Date "2005.07.01"]
[Round "8"]
[White "Manelidis Savvas (GRE)"]
[Black "Verikakis Ioannis (GRE)"]
[Result "0-1"]
[WhiteElo "2047"]
[BlackElo "1953"]

1.e4 c5 2.Nf3 d6 3.d4 cxd4 4.Nxd4 Nf6 5.f3 e5 6.Bb5+ Nbd7 7.Nf5 d5 8.Bxd7+
Qxd7 9.Bg5 dxe4 10.Bxf6 Qxd1+ 11.Kxd1 Bxf5 12.Bxe5 exf3 13.gxf3 f6 14.Re1
O-O-O+ 15.Nd2 fxe5 16.Rxe5 Bg6 17.c4 Bd6 {#R} 0-1

[Event "Ch Greece (team)"]
[Site "masterchessopen.com Greece"]
[Date "2005.07.06"]
[Round "3"]
[White "Manelidou Maria (GRE)"]
[Black "Ikonomopoulou Maria (GRE)"]
[Result "0-1"]
[WhiteElo "1792"]
[BlackElo "2006"]

1.e4 c5 2.Nf3 d6 3.d4 cxd4 4.Nxd4 Nf6 5.f3 e5 6.Bb5+ Nbd7 7.Nf5 d5 8.exd5 a6
9.Bxd7+ Bxd7 10.Ne3 Nh5 11.O-O Bc5 12.Nc3 Qg5 13.Qd2 f5 14.Kh1 f4 15.Ng4 Ng3+
16.hxg3 Qh5+ 17.Nh2 fxg3 {#R} 0-1

[Event "Ch Greece (team)"]
[Site "masterchessopen.com Greece"]
[Date "2005.07.08"]
[Round "5"]
[White "Valsamidis Ioannis (GRE)"]
[Black "Mathioulakis Fanis (GRE)"]
[Result "1-0"]
[WhiteElo "2052"]
[BlackElo "2025"]

1.e4 c5 2.Nf3 d6 3.d4 cxd4 4.Nxd4 Nf6 5.f3 e5 6.Bb5+ Nbd7 7.Nf5 d5 8.exd5 a6
9.Ba4 b5 10.Bb3 Nb6 11.Ne3 Bc5 12.Nc3 O-O 13.Qd3 Bb7 14.Ne4 Rc8 15.Nxc5 Rxc5
16.d6 Nbd5 17.Nxd5 Nxd5 18.Bd2 Re8 19.O-O-O Nf6 20.Bb4 e4 21.Qd4 Rd5 22.Bxd5
Bxd5 23.d7 Qxd7 24.fxe4 Rxe4 25.Qc5 Re8 26.Rhe1 Rc8 27.Qe7 Qf5 28.c3 h6 29.Qe5
Qf2 30.Re2 Qh4 31.Rxd5 Nxd5 32.Qxd5 Qf4+ 33.Kc2 a5 34.Bd6 Qa4+ 35.Kd2 b4
36.Re7 Rf8 37.Rc7 Qe8 38.Bxf8 {#r} 1-0

[Event "It (open)"]
[Site "masterchessopen.com Barbera (Spain)"]
[Date "2005.07.10"]
[Round "7"]
[White "Ridameya Tatche Jose (ESP)"]
[Black "Dubreuil Julien (FRA)"]
[Result "0-1"]
[WhiteElo "2155"]
[BlackElo "2263"]

1.e4 c5 2.Nf3 d6 3.d4 cxd4 4.Nxd4 Nf6 5.f3 e5 6.Bb5+ Nbd7 7.Nf5 d5 8.exd5 a6
9.Bxd7+ Qxd7 10.Ne3 b5 11.Nc3 Bb7 12.Ne4 Nxd5 13.Nxd5 Bxd5 14.Qe2 Be7 15.Bd2
O-O 16.Rd1 Qc6 17.Nc3 Bh4+ 18.g3 Bxf3 19.Qf2 Bxh1 20.gxh4 Bf3 21.Rc1 b4 22.Nb1
Bh5 23.Qg3 Rad8 24.Kf2 Rd6 25.Rg1 Rg6 26.Qb3 Rf6+ 27.Ke1 Qe4+ 28.Qe3 Qxc2 {#R}
0-1

[Event "It \"]
[Site "masterchessopen.com Copenhagen (Denmark)"]
[Date "2005.07.20"]
[Round "6"]
[White "Bae Torstein (NOR)"]
[Black "Schmied Andreas (GER)"]
[Result "1-0"]
[WhiteElo "2301"]
[BlackElo "2086"]

1.e4 c5 2.Nf3 d6 3.d4 cxd4 4.Nxd4 Nf6 5.f3 e5 6.Bb5+ Bd7 7.Bxd7+ Qxd7 8.Nf5 d5
9.Bg5 dxe4 10.Bxf6 Qxd1+ 11.Kxd1 gxf6 12.fxe4 Nc6 13.c3 Rd8+ 14.Ke2 Ne7 15.Nd2
Nxf5 16.exf5 Rg8 17.g3 Rg4 18.Kf3 Ra4 19.b3 Ra6 20.Ne4 Bh6 21.Rhd1 Rxd1
22.Rxd1 Rxa2 23.Nxf6+ Kf8 24.Rd7 {#r} 1-0

[Event "It (open) (juniors) (under 20)"]
[Site "masterchessopen.com Hengelo (Netherlands)"]
[Date "2005.08.12"]
[Round "7"]
[White "Van Vliet Jeffrey (NED)"]
[Black "Van Den Berg Hilke (NED)"]
[Result "1-0"]
[WhiteElo "2242"]
[BlackElo "2166"]

1.e4 c5 2.Nf3 d6 3.d4 cxd4 4.Nxd4 Nf6 5.f3 e5 6.Bb5+ Bd7 7.Bxd7+ Qxd7 8.Nb3 d5
9.Bg5 d4 10.c3 Nc6 11.cxd4 Bb4+ 12.N1d2 Nxd4 13.O-O Rd8 14.Nc4 Qc7 15.Bxf6
gxf6 16.Ne3 Nxb3 17.Qxb3 Bc5 18.Kh1 Bxe3 19.Qxe3 Rd4 20.Rac1 Qd8 21.f4 Rg8
22.Qh3 Rd7 23.fxe5 fxe5 24.Qxh7 Kf8 25.Qh6+ Ke8 26.Rc5 f6 27.Rxe5+ Kf7 28.Ref5
Rg6 29.Qh7+ Rg7 30.Qh5+ Kg8 31.Rxf6 Rd2 32.Rh6 {#r} 1-0

[Event "Memorial M.Chigorin (open)"]
[Site "masterchessopen.com St.Petersburg (Russia)"]
[Date "2005.10.21"]
[Round "7"]
[White "Yandemirov Valeri (RUS)"]
[Black "Kurenkov Nikolai (RUS)"]
[Result "1-0"]
[WhiteElo "2518"]
[BlackElo "2438"]

{ Yandemirov Valeri (RUS) +1 =3 -1 } 1.e4 c5 2.Nf3 d6 3.d4 cxd4 4.Nxd4 Nf6
5.f3 e5 6.Bb5+ Nbd7 7.Nf5 d5 8.exd5 a6 9.Ba4 b5 10.Bb3 { ?/= } 10...Nc5 (
10...Nb6 11.Ne3 Bb7 12.Nc3 Bc5 13.Qd3 O-O 14.Ne4 Rc8 15.Nxc5 Rxc5 16.d6 e4
17.Qd4 Rh5 18.Bd2 exf3 19.O-O-O Nbd7 20.g4 Re5 21.Nf5 Re4 22.Qa7 Qa8 23.Qxa8
Rxa8 24.h3 Re2 25.Rhf1 Nc5 26.Bc3 Be4 27.Rd2 Nxb3+ { 1/2-1/2, Yandemirov
Valeri 2488 - Sherbakov Ruslan 2555 , Tomsk 27. 5.2004 Ch Russia (qual) } )
11.Ne3 Nxb3 ( 11...Bb7 12.c4 Nxb3 13.Qxb3 Qc7 14.Nc3 bxc4 15.Qxc4 Qd7 16.O-O
Rc8 17.Qd3 Bc5 18.Kh1 O-O 19.Nc4 Bd4 20.Re1 Qc7 21.Ne3 Rfd8 22.Ne4 Qb6
23.Nxf6+ Qxf6 24.Bd2 Bxd5 25.Nxd5 Rxd5 26.Rac1 Rcd8 27.Bc3 Bf2 28.Qe2 Bxe1
29.Rxe1 h6 30.h3 Qg6 31.Bxe5 { ...0-1, Foguelman Alberto 2310 - Cruz Raul,
Buenos Aires 1962 Ch Argentina } ) 12.axb3 Bc5 13.c4 ( 13.Nc3 Bb7 { +0.22 CAP
} 14.Qd3 O-O 15.Bd2 Bxe3 16.Bxe3 Nxd5 17.Nxd5 Bxd5 18.O-O-O Qa5 19.Kb1 Rfd8
20.Qc3 Qxc3 21.bxc3 f6 22.Bb6 Rd7 23.Rd2 Be6 24.Rxd7 Bxd7 25.Rd1 Be6 26.Rd8+
Rxd8 27.Bxd8 Kf7 28.Kc1 g5 29.Kd2 h5 30.Ke3 Bf5 31.b4 h4 32.g3 h3 {
...1/2-1/2, Shaposhnikov Evgeny 2542 - Kokorev Dmitry, Kazan 2001 Ch Russia
(juniors) (under 20) } ) 13...Nh5 ( 13...O-O 14.Nc3 Nh5 15.O-O f5 16.b4 Bxb4
17.Nc2 Bc5+ 18.Kh1 Qh4 19.Qe1 Qxc4 20.Be3 Bd6 21.Na3 Bxa3 22.bxa3 Bd7 23.Rc1
Rac8 24.Ne4 Qxd5 25.Rd1 Qe6 26.Nc5 Rxc5 27.Bxc5 Re8 28.Qd2 Nf6 29.Qd6 Kf7
30.Qxe6+ Rxe6 31.Rd6 Rxd6 32.Bxd6 Ke6 33.Bb8 { ...1/2-1/2, Shaposhnikov Evgeny
2578 - Najer Evgeniy 2624 , Internet 7. 9.2004 Cup Russia "Chess Planet" (1
final) (blitz) } ) ( 13...Qb6 14.Qd3 O-O 15.Nc3 Nh5 16.g3 f5 17.cxb5 e4
18.fxe4 fxe4 19.Nxe4 Bd7 20.Rxa6 Rxa6 21.bxa6 Bb4+ 22.Bd2 Bb5 23.Nc4 Bxd2+
24.Kxd2 Qxa6 25.Rf1 Qh6+ 26.Kc2 Rxf1 27.Qxf1 Qg6 28.Qd3 Qf5 29.Ned6 Qf2+
30.Qd2 Qc5 31.Nxb5 Qxb5 32.Qe2 Nf6 33.Qe6+ { ...1-0, Kilpi Teemu 2167 -
Karhunen Kari 2335 , Helsinki 1992 Ch Helsinki } ) ( 13...Rb8 14.Nc3 O-O
15.O-O Qb6 16.Re1 Nh5 17.Kh1 f5 18.Nf1 Qd6 19.Qe2 Bd4 20.cxb5 axb5 21.Nxb5
Qxd5 22.Nxd4 exd4 23.Qc4 Rb5 24.Ra4 Rd8 25.Bg5 Nf6 26.Bxf6 gxf6 27.Qc7 Rb7
28.Qf4 Kg7 29.Qg3+ Kf8 30.Qh4 Rf7 31.Nd2 Bb7 32.Nc4 d3 33.Ra5 { ...1-0,
Gvetadze Sopio 2252 - Khukhashvili Sopiko 2333 , Tbilisi 2.2001 Ch Georgia
(juniors) (under 18) (g) } ) 14.g3 { -0.64 CAP } ( 14.Kf1 O-O 15.Nc3 f5 16.b4
Bxb4 17.cxb5 a5 18.Nc2 Bd6 19.Be3 Bb7 20.Qd2 Qh4 21.Kg1 Nf4 22.Rd1 Rac8 23.Qe1
Qg5 24.Rd2 Rc4 25.Kf1 Qh5 26.Bb6 a4 27.Ne3 Rcc8 28.Nxa4 e4 29.Qd1 Qe8 30.Bd4
Qxb5+ 31.Kg1 exf3 32.gxf3 Qe8 33.Kf2 Nh3+ { ...0-1, Rodriguez Andres 2533 -
Delgado Neuris 2554 , Osasco 2. 7.2004 Memorial Franca Garcia (cat.9) } )
14...b4 { N } ( 14...O-O 15.Nc3 Qb6 ( 15...f5 16.Qe2 Nf4 17.gxf4 exf4 18.Nxf5
Bxf5 19.Bxf4 b4 20.Nd1 Re8 21.Be5 Qh4+ 22.Kd2 Bd4 23.f4 Bxe5 24.fxe5 Qd4+
25.Kc1 Rxe5 26.Qd2 Qxd2+ 27.Kxd2 Rae8 28.Nc3 bxc3+ 29.Kxc3 Re3+ 30.Kb4 Rb8+
31.Kc5 Rc8+ 32.Kd6 Rxb3 33.c5 g6 34.Rxa6 { ...0-1, Yandemirov Valeri 2488 -
Gajsin Evgenij 2456 , Tomsk 30. 5.2004 Ch Russia (qual) } ) 16.Qe2 Bd7 17.Bd2
f5 18.Nc2 bxc4 19.b4 Bd4 20.f4 Nf6 21.fxe5 Bxe5 22.O-O-O Rfe8 23.Qxc4 Rec8
24.Qb3 a5 25.Rhe1 Ne4 26.Be3 Qf6 27.Nxe4 fxe4 28.Rf1 Qg6 29.bxa5 Rxa5 30.d6+
Kh8 31.Kb1 Rb5 32.Nb4 h6 33.Rd5 Qe6 34.Rfd1 { ...0-1, Shaposhnikov Evgeny 2542
- Dzhakaev Dzhakay 2401 , St. Petersburg 2001 Memorial M.Chigorin (open) } )
15.Nf1 O-O 16.Be3 Bxe3 { ?! } ( 16...Be7 17.Nbd2 f5 18.f4 exf4 { } ) 17.Nxe3
f5 18.Nd2 f4 19.Nef1 Bf5 20.Qe2 Nf6 21.Ne4 Nxe4 22.fxe4 Bh3 23.Nd2 Qg5 24.gxf4
Qxf4 25.Rg1 Qh4+ 26.Rg3 Rf4 27.O-O-O Bg4 28.Rxg4 Rxg4 29.c5 Kh8 { ?! } (
29...Rg6 30.c6 Rc8 { } ) 30.d6 Rg6 { ?! } ( 30...Qg5 31.c6 Rg2 32.h4 Qg3 { } )
31.Nc4 Rc8 32.d7 Rd8 33.Na5 Qh3 34.Qd3 Qh6+ 35.Kb1 Re6 36.Nb7 { } {#r} 1-0

[Event "It (open) \"]
[Site "masterchessopen.com Obrenovac (Yugoslavia)"]
[Round "3"]
[White "D'Innocente Stefano (ITA)"]
[Black "Stefanovic Milan (SRB)"]
[Result "1-0"]
[WhiteElo "2262"]
[BlackElo "2086"]

1.e4 c5 2.Nf3 d6 3.d4 cxd4 4.Nxd4 Nf6 5.f3 e5 6.Bb5+ Bd7 7.Bxd7+ Qxd7 8.Nf5 d5
9.Bg5 dxe4 10.Bxf6 gxf6 11.fxe4 Qxd1+ 12.Kxd1 Nd7 13.c4 O-O-O 14.Kc2 Nc5
15.Nc3 Rg8 16.g3 Rg4 17.Rae1 Kb8 18.Re2 a6 19.b4 Ne6 20.Nd5 Rg5 21.Rd1 b5
22.c5 Rxf5 23.exf5 Nd4+ 24.Rxd4 exd4 25.Nf4 Bh6 26.Kd3 Bxf4 27.gxf4 Rd5
28.Re8+ Kc7 29.Re7+ Kc6 30.Ra7 Rxf5 31.Rxa6+ Kc7 32.Ke4 Rh5 33.Rxf6 Rxh2
34.Rxf7+ Kc6 35.Rf6+ Kc7 36.Kxd4 h5 37.Rh6 h4 38.Ke5 h3 39.a3 Rh1 40.Kd5 Rd1+
41.Ke4 Rh1 42.Kf3 Rf1+ 43.Kg3 Rg1+ 44.Kf2 Rh1 45.f5 Rh2+ 46.Kg3 Ra2 47.Rxh3
Rxa3+ {#r} 1-0

[Event "It (open)"]
[Site "masterchessopen.com Glasgow (Scotland)"]
[Date "2005.11.05"]
[Round "0"]
[White "Burnett Walter (SCO)"]
[Black "Farrell Neil (SCO)"]
[Result "0-1"]
[WhiteElo "2019"]
[BlackElo "2183"]

1.e4 c5 2.Nf3 d6 3.d4 cxd4 4.Nxd4 Nf6 5.f3 e5 6.Bb5+ Bd7 7.Bxd7+ Qxd7 8.Ne2 d5
9.exd5 Qxd5 10.Bd2 Bc5 11.Nbc3 Qc6 12.Bg5 Nbd7 13.Qd3 h6 14.Bxf6 Nxf6 15.O-O-O
Rc8 16.Ng3 O-O 17.Qe2 Bd4 18.Nf5 Rfe8 19.Nb5 Nd5 20.Nbxd4 exd4 21.Qd2 Qa4
22.a3 d3 23.Qxd3 Nf4 24.Qd2 Re2 25.Ne7+ Rxe7 26.Rhe1 Rxe1 27.Rxe1 Ne6 28.Re4
Qc6 29.Kb1 Rd8 30.Qe1 a6 31.Re3 Nd4 32.Rc3 Qe6 33.Re3 Qf5 34.Re4 Ne6 35.Qe2
Qd5 36.Qf2 Qd1+ 37.Ka2 Qd5+ 38.c4 Qc6 39.Qe3 b5 40.Qc3 Ng5 41.Rg4 f6 42.h4 Nf7
43.c5 Qd5+ 44.Kb1 Ne5 45.Re4 Nc4 46.Rg4 Qd1+ 47.Ka2 Nd2 {#R} 0-1

[Event "It (cat.4)"]
[Site "masterchessopen.com Pforzheim (Germany)"]
[Date "2005.11.22"]
[Round "9"]
[White "Westerinen Heikki M J (FIN)"]
[Black "Dinger Florian (GER)"]
[Result "1-0"]
[WhiteElo "2410"]
[BlackElo "2209"]

1.e4 c5 2.Nf3 d6 3.d4 cxd4 4.Nxd4 Nf6 5.f3 e5 6.Bb5+ Nbd7 7.Nf5 d5 8.exd5 a6
9.Ba4 b5 10.Bb3 Nb6 11.Qd3 Nfxd5 12.Nc3 Be6 13.Nxd5 Nxd5 14.Qe4 f6 15.Bd2 Qd7
16.Ne3 Rd8 17.O-O-O Bc5 18.Nxd5 Bxd5 19.Bxd5 Qxd5 20.Ba5 {#r} 1-0

[Event "It \"]
[Site "masterchessopen.com Berlin (Germany)"]
[Date "2005.11.24"]
[Round "7"]
[White "Wenkheimer Rolf"]
[Black "Lueders Gerhard (GER)"]
[Result "0-1"]
[WhiteElo "1664"]
[BlackElo "2217"]

1.e4 c5 2.Nf3 d6 3.d4 cxd4 4.Nxd4 Nf6 5.f3 e5 6.Bb5+ Bd7 7.Bxd7+ Qxd7 8.Nf5 d5
9.Ng3 dxe4 10.Qxd7+ Nbxd7 11.Nxe4 Nxe4 12.fxe4 Rc8 13.Nc3 Bb4 14.Bd2 Rc4
15.O-O-O Bxc3 16.Bxc3 Rxe4 17.Rd5 f6 18.Rhd1 Nf8 19.Rd8+ Kf7 20.Rb8 b6 21.Rdd8
h5 22.a3 Re2 23.Bb4 Rxg2 24.Rb7+ Ke6 25.Bxf8 Rg8 26.Rxa7 h4 27.Rb8 Kf5 28.Raa8
Rxh2 29.Rxb6 h3 30.Rb3 Rh8 31.Rf3+ Kg4 32.Rf1 Kg3 33.Bxg7 Rxa8 34.Bxf6 Re8
35.Rf5 e4 36.Kd1 e3 37.Re5 e2+ 38.Ke1 Kf3 39.Rxe8 Rh1+ 40.Kd2 e1=Q+ {#R} 0-1